000 00427nam a22001457a 4500
005 20171012114916.0
008 171012b xxu||||| |||| 00| 0 eng d
040 _cPK-LaUMT
082 _aPKAC 297.09
_bWAQ-I
100 _aWaqar Ahmed Hussaini
245 _aIlam , nazam taleem aur tamadanon ka islamiyana/
_cWaqar Ahmed Hussaini
260 _a[]
_bسید وقار احمد حسینی،
_c1985
300 _a230 ص
942 _cBK
999 _c99128
_d99128